Sitúa las pedanías de Murcia con un mapa - Estadísticas

Estadísticas generales
  • Esta prueba ha sido intentada 75 veces
  • La puntuación promedio es 24 de 55
Respuestas en el mapa
Las respuestas están codificadas por una escala verde-roja en el mapa de la prueba según el % correcto abajo.
 
Estadísticas de respuestas
Respuesta % Correcto
Casco Urbano de Murcia
76%
Sucina
68%
Cabezo de Torres
64%
Lobosillo
64%
Puente Tocinos
64%
El Esparragal
60%
San Benito
60%
Baños y Mendigo
56%
Churra
56%
Cobatillas
56%
Gea y Truyols
56%
Guadalupe
56%
Jerónimo y Avileses
56%
El Palmar
52%
El Puntal
52%
La Alberca
52%
Sangonera la Verde
52%
Santa Cruz
52%
Santiago y Zaraiche
52%
Algezares
48%
Aljucer
48%
Javalí Nuevo
48%
Torreagüera
48%
Alquerías
44%
Beniaján
44%
Javalí Viejo
44%
Los Dolores
44%
Los Ramos
44%
Monteagudo
44%
Sangonera la Seca
44%
Zarandona
44%
La Arboleja
40%
Puebla de Soto
40%
Zeneta
40%
Barqueros
36%
Cañada Hermosa
36%
Carrascoy - La Murta
36%
Casillas
36%
Corvera
36%
El Raal
36%
La Ñora
36%
Llano de Brujas
36%
Los Martínez del Puerto
36%
Nonduermas
36%
Rincón de Seca
36%
San José de la Vega
36%
Cañadas de San Pedro
32%
La Albatalía
32%
La Raya
32%
Los Garres
32%
San Ginés
28%
Valladolises y Lo Jurado
28%
Rincón de Beniscornia
24%
Era Alta
12%
Santo Ángel
0%
No se encontraron pruebas coincidentes
Distribución de puntuación
Porcentaje de gente con cada puntuación
Porcentaje por número respondido
Historial de tus puntuaciones
No has intentado esta prueba.